Online
Catalog

Et tombe la neige... / (Record no. 10186)

MARC details
000 -CABECERA
campo de control de longitud fija 00705nam a2200217 a 4500
001 - NÚMERO DE CONTROL
campo de control 000010427
005 - FECHA Y HORA DE LA ÚLTIMA TRANSACCIÓN
campo de control 20210311001149.0
008 - DATOS DE LONGITUD FIJA--INFORMACIÓN GENERAL
campo de control de longitud fija 091007t1992 xxc 000 p fre d
040 ## - FUENTE DE LA CATALOGACIÓN
Centro catalogador/agencia de origen DO-SdBNP
Lengua de catalogación spa
Centro/agencia transcriptor BNPHU
082 ## - NÚMERO DE LA CLASIFICACIÓN DECIMAL DEWEY
Número de clasificación RD861.44
Número de documento/Ítem J82t
100 1# - ENTRADA PRINCIPAL--NOMBRE DE PERSONA
Nombre de persona Jorge Morel, Eucilda
9 (RLIN) 25433
245 10 - MENCIÓN DE TÍTULO
Título Et tombe la neige... /
Mención de responsabilidad, etc. Eucilda Jorge Morel ; presentación Rénald Blouin.
260 ## - PUBLICACIÓN, DISTRIBUCIÓN, ETC.
Lugar de publicación, distribución, etc. Montréal :
Nombre del editor, distribuidor, etc. The Green Unicorn,
Fecha de publicación, distribución, etc. 1992.
300 ## - DESCRIPCIÓN FÍSICA
Extensión 86 p. ;
Dimensiones 21 cm.
500 ## - NOTA GENERAL
Nota general Texto en francés.
590 ## - NOTA LOCAL (RLIN)
Nota local Inventariado, 2018/LP
650 #0 - PUNTO DE ACCESO ADICIONAL DE MATERIA--TÉRMINO DE MATERIA
Término de materia o nombre geográfico como elemento de entrada Poesía dominicana
9 (RLIN) 66
650 #4 - PUNTO DE ACCESO ADICIONAL DE MATERIA--TÉRMINO DE MATERIA
Término de materia o nombre geográfico como elemento de entrada Literatura diminicana
9 (RLIN) 25434
700 1# - PUNTO DE ACCESO ADICIONAL--NOMBRE DE PERSONA
Nombre de persona Blouin, Rénald,
Término indicativo de función/relación pról.
9 (RLIN) 25435
910 ## - DATOS DE OPCIÓN DEL USUARIO (OCLC)
Datos de opción del usuario Validado. Control de calidad EMS.
Holdings
Estado de retiro Estado de pérdida Restricciones de uso No para préstamo Código de colección Localización permanente Ubicación/localización actual Ubicación en estantería Fecha de adquisición Número de inventario Total de préstamos Signatura topográfica completa Código de barras Fecha visto por última vez Precio válido a partir de Tipo de ítem Koha Número de copia
      Excluido de préstamo Monografías: Libros y Folletos Patrimonio Dominicano Patrimonio Dominicano Depósito 09.10.2009 LF1   RD861.44 J82t 10427-10 25.06.2020 25.06.2020 No se presta  
      Excluido de préstamo Monografías: Libros y Folletos Patrimonio Dominicano Patrimonio Dominicano Depósito 16.05.2011 LF1   RD861.44 J82t 10427-20 25.06.2020 25.06.2020 No se presta e. 2

Powered by Koha